Normal view MARC view
  • Zhongguo wen hua yi shu cong shu (Beijing, China).

Entry Uniform Title

Number of records used in: 2

001 - CONTROL NUMBER

  • control field: 13683

003 - CONTROL NUMBER IDENTIFIER

  • control field: NUST

005 - DATE AND TIME OF LATEST TRANSACTION

  • control field: 20190215045738.0

008 - FIXED-LENGTH DATA ELEMENTS

  • fixed length control field: 190215|| aca||aabn | a|a d

040 ## - CATALOGING SOURCE

  • Original cataloging agency: NUST
  • Transcribing agency: NUST

130 ## - HEADING--UNIFORM TITLE

  • Uniform title: Zhongguo wen hua yi shu cong shu (Beijing, China).
  • Language of a work: English ;
  • Form subdivision: 9.

670 ## - SOURCE DATA FOUND

  • Source citation: Work cat.: (NUST)0: Zhang, Baiqing. 13680, Chinese films and television plays /, 1999.
© 2023 Central Library, National University of Sciences and Technology. All Rights Reserved.